Πολιτικές δυνάμεις και συνταγματικοί θεσμοί στη νεώτερη Ελλάδα 1844-1936
Αποθηκεύτηκε σε:
| Κύριος συγγραφέας: | |
|---|---|
| Μορφή: | Βιβλίο |
| Γλώσσα: | Greek |
| Δημοσίευση: |
Θεσσαλονίκη :
Σάκκουλας,
1985.
|
| Θέματα: | |
| Ετικέτες: |
Προσθήκη ετικέτας
Δεν υπάρχουν, Καταχωρήστε ετικέτα πρώτοι!
|
MARC
| LEADER | 00000cam a2200000 i 4500 | ||
|---|---|---|---|
| 001 | 1/97399 | ||
| 008 | 950216s1985 gr | ||| |||| | gre|| | ||
| 035 | |l 10010542 | ||
| 040 | |a GR-MY-UA |b gre |e aacr | ||
| 041 | 0 | |a gre | |
| 082 | 0 | |a 320.09495 | |
| 100 | 1 | |a Πετρίδης, Παύλος Β., |d 1947-2000. | |
| 245 | 1 | 0 | |a Πολιτικές δυνάμεις και συνταγματικοί θεσμοί στη νεώτερη Ελλάδα 1844-1936 / |c Παύλου Πετρίδη. |
| 260 | |a Θεσσαλονίκη : |b Σάκκουλας, |c 1985. | ||
| 300 | |a 559 σ. ; |c 21 εκ. | ||
| 650 | 0 | |a Constitutional history |z Greece. | |
| 650 | 0 | |a Political parties |z Greece |x History. | |
| 651 | 0 | |a Greece |x Politics and government. | |
| 651 | 0 | |a Greece |x Politics and government |y 1821- | |
| 922 | |a 1ΕΛΗ |b 199012 |c ΠΠ/130 | ||